T. 43, № 1; Acta Physica

Bibliografiska uppgifter
Parent link:Acta Physica: magazime/ Academiae Scientiarum Hungaricae. T. 43, № 1.— , 1957-1990
Språk:engelska
Publicerad: 1977
Materialtyp: MixedMaterials Bok
KOHA link:https://koha.lib.tpu.ru/cgi-bin/koha/opac-detail.pl?biblionumber=567076

MARC

LEADER 00000nam2a2200000 4500
001 567076
005 20231101124243.0
035 |a (RuTPU)RU\TPU\prd\263909 
035 |a RU\TPU\prd\263899 
090 |a 567076 
100 |a 20161014a19571990k y0laty50 ba 
101 0 |a eng 
102 |a HU 
200 0 |a T. 43, № 1 
210 |d 1977 
461 1 |0 (RuTPU)RU\TPU\prd\1101  |t Acta Physica  |o magazime  |f Academiae Scientiarum Hungaricae  |v T. 43, № 1  |d 1957-1990 
801 0 |a RU  |b 63413507  |c 20010227  |g PSBO 
801 1 |a RU  |b 63413507  |c 20080423  |g PSBO 
801 2 |a RU  |b 63413507  |c 20161014  |g PSBO 
942 |c BK 
999 |a НТБ_ТПУ  |b НФ  |e -14/20160111  |p П-4357  |u 0,00  |v 1